000
00315nam a2200109Ia 4500
008
171204s9999 xx 000 0 und d
245
_a
Getting Started with Clickteam Fusion:
245
_c
Jurgen Brunner
260
_c
2014
650
_x
2D Flash Animation
856
_u
http://down.ebook777.com/044/9781783283613.pdf
999
_c
346234
_d
346234